| 000 | 01098nam a2200289 a 4500 | ||
|---|---|---|---|
| 001 | 59091 | ||
| 003 | CO-BoRNBP | ||
| 005 | 20250908221406.0 | ||
| 007 | ta | ||
| 008 | 120929s2011 ck a gr 00010dspa d | ||
| 040 |
_aCO-BoBLA _bspa _cCO-BoBLA |
||
| 041 | 0 | _aspa | |
| 082 | 0 | 4 |
_a306 _bG84a _220 |
| 245 | 0 | 0 |
_aGuía general para la planeacíón, formulación, ejecución y operación de proyectos de infraestructura cultural : _buna guía de fácil comprensión / _cedición Álvaro Robledo Cadavid, Fredy Moreno Martínez, Diego Alba Patiño. |
| 250 | _a1a. edición | ||
| 300 |
_a103 p. : _bil. ; _c29 cm. |
||
| 336 |
_2rdacontent _atexto _btxt |
||
| 337 |
_2rdamedia _asin mediación _bn |
||
| 338 |
_2rdacarrier _avolumen _bnc |
||
| 650 | 7 |
_aAdministración de proyectos culturales _x Metodología. _2BLAAUTO _964749 |
|
| 650 | 7 |
_aProyectos culturales _x Metodología. _2BLAAUTO _964750 |
|
| 700 | 1 |
_aRobledo Cadavid, Alvaro, _d1977- _eed. _92093 |
|
| 700 | 1 |
_aMoreno Martínez, Fredy, _eed. _964751 |
|
| 700 | 1 |
_aPatiño, Diego Alba, _eed. _964752 |
|
| 942 |
_2ddc _cBK |
||
| 949 |
_ac _bn |
||
| 999 |
_c59091 _d59091 |
||